00422nam a2200181Ia 4500003000400000005001700004008004100021020001800062040000700080041001200087082001700099100001900116245002000135260003600155300001700191365001400208650001800222OSt20250922173948.0210423s2017 xx 000 0 und d a9788183765183 cAL aEnglish a305.23bALAC aGajanafar Alam aChild Sociology aNew DelhibABD Publishersc2017 aviii,280bHB b1900cINR aSocial Groups